Statistics for Movies By 1 Actor and 1 Actress - Animated Edition

Click here to take the quiz!

General Stats

  • This quiz has been taken 24 times
  • The average score is 9 of 26

Answer Stats

CastMovie% Correct
Mike Myers, Cameron DiazShrek
70%
Adam Sandler, Selena GomezHotel Transylvania
65%
Ben Stiller, Jada Pinkett SmithMadagascar
65%
Tom Hanks, Joan CusackToy Story 2
65%
Antonio Banderas, Salma HayekPuss in Boots
55%
Sarah Silverman, John C. ReillyWreck-It Ralph
55%
Will Smith, Angelina JolieShark Tale
45%
Woody Allen, Sharon StoneAntz
40%
George Clooney, Meryl StreepFantastic Mr. Fox
40%
Rihanna, Jim ParsonsHome
40%
Chris Pratt, Elizabeth BanksThe Lego Movie
40%
Reese Witherspoon, Seth RogenMonsters vs. Aliens
35%
Bill Hader, Anna FarisCloudy with a Chance of Meatballs
30%
Will Ferrell, Tina FeyMegamind
30%
Sandra Bullock, Michael KeatonMinions
30%
Nicolas Cage, Emma StoneThe Croods
30%
Val Kilmer, Michelle PfeifferThe Prince of Egypt
30%
Johnny Depp, Emily BluntSherlock Gnomes
20%
Hailee Steinfeld, Mahershala AliSpider-Man: Into the Spiderverse
20%
Will Artnett, Rosario DawsonThe Lego Batman Movie
20%
Bryan Cranston, Scarlett JohanssonIsle of Dogs
15%
Dwayne Johnson, Jessica BielPlanet
15%
Charlize Theron, Oscar IsaacThe Addams Family
15%
Steve Buscemi, Maggie GyllenhaalMonster House
10%
Frances McDormand, Jeffrey WrightThe Good Dinosaur
10%
Matt Lanter, Ashley EcksteinStar Wars: The Clone Wars
5%

Score Distribution

Percentile by Number Answered

Percent of People with Each Score

Your Score History

You have not taken this quiz